Hacia la reforma universitaria: el camino curricular, un problema complejo no irrealizable /
sin resumen
Kaydedildi:
| Yazar: | |
|---|---|
| Diğer Yazarlar: | |
| Materyal Türü: | Metin |
| Dil: | Spanish |
| Etiketler: |
Etiketle
Etiket eklenmemiş, İlk siz ekleyin!
|
MARC
| LEADER | 00000 a a2200000 04500 | ||
|---|---|---|---|
| 001 | 9128 | ||
| 003 | cru IIS | ||
| 005 | 20220113100632.0 | ||
| 008 | 220113b |||||||| |||| 00| 0 spa d | ||
| 040 | |c cru IIS | ||
| 100 | 1 | |a Handal de Arias, Ana Margoth | |
| 245 | |a Hacia la reforma universitaria: |b el camino curricular, un problema complejo no irrealizable / |c Ana Margoth Handal de Arias ; Elvira Portillo | ||
| 500 | |a Colección Centroamérica | ||
| 520 | |a sin resumen | ||
| 700 | |a Portillo, Elvira | ||
| 773 | |g volumen 115, número 1; páginas 31-35 | ||
| 773 | 0 | |0 44031 |9 6470 |d El Salvador : Universidad de El Salvador. Biblioteca Central Universitaria |o MFN: 1790 |t La Universidad / | |
| 942 | |2 ddc |c PP | ||
| 999 | |c 30860 |d 30860 | ||
